000 00844cab a2200265 4500
001 ABS53309
008 090401t1995 xxu||||| |||| 00| 0 eng d
035 _a(Sirsi) u3439
041 _aeng
100 _aBarrick, A.
245 _aSalary survey: movers and shake-outs
260 _c1995
350 _a0
490 _aBuilding
_v260(7901) 21 July 1995, 18-21(4)
520 _a"Building"/Montrose executive salary survey compares construction executives` pay with those of other industries. Covers share options, bonuses, salaries by turnover of company.
650 _aCONSTRUCTION INDUSTRY
650 _aEXECUTIVES
650 _aREMUNERATION
650 _aSALARIES
650 _aSALARY SURVEYS
650 _aSHARE OPTIONS
690 _aMANAGEMENT-BUSINESS MANAGEMENT-PROFESSIONAL PRACTICE
942 _n0
948 _c04/03/1997
999 _c2113
_d2113